ბათუმის შოთა რუსთაველის სახელმწიფო უნივერსიტეტის ბიბლიოთეკა

Садр ад-дин ширази и его транцендентальная теософия : (ბიბ.ჩანაწერი № 46519)

000 -LEADER
fixed length control field 00919nam a2200205Ia 4500
001 - CONTROL NUMBER
control field 13358
003 - CONTROL NUMBER IDENTIFIER
control field GE_BSU
005 - DATE AND TIME OF LATEST TRANSACTION
control field 20240906131116.0
008 - FIXED-LENGTH DATA ELEMENTS--GENERAL INFORMATION
fixed length control field 181216s2014||||ru |||||||||||||| ||rus||
020 ## - INTERNATIONAL STANDARD BOOK NUMBER
International Standard Book Number 9785906016157
040 ## - CATALOGING SOURCE
Transcribing agency GE_BSU
080 ## - UNIVERSAL DECIMAL CLASSIFICATION NUMBER
Universal Decimal Classification number 28+141 Н-31
100 ## - MAIN ENTRY--PERSONAL NAME
Personal name Наср, Сеййид Хусейн
9 (RLIN) 23166
245 ## - TITLE STATEMENT
Title Садр ад-дин ширази и его транцендентальная теософия :
Remainder of title Интелектуальная среда,жизнь и труды /
Statement of responsibility, etc. Сеййид Хусейн Наср ; Пер. с англ. Р. Псху.
264 ## - PRODUCTION, PUBLICATION, DISTRIBUTION, MANUFACTURE, AND COPYRIGHT NOTICE
Place of production, publication, distribution, manufacture Москва :
Name of producer, publisher, distributor, manufacturer Языки славянской культуры,
Date of production, publication, distribution, manufacture, or copyright notice 2014.
300 ## - PHYSICAL DESCRIPTION
Extent 127 см. ;
Dimensions 21 см.
653 ## - INDEX TERM--UNCONTROLLED
keyword Интелектуальная среда, жизнь и труды
653 ## - INDEX TERM--UNCONTROLLED
keyword Садр ад-дин ширази и его транцендентальная теософия
942 ## - ADDED ENTRY ELEMENTS (KOHA)
Koha item type წიგნი
Source of classification or shelving scheme
ეგზემპლარები
Withdrawn status Lost status Source of classification or shelving scheme Damaged status Not for loan Permanent Location Current Location Shelving location Date acquired Full call number Barcode Date last seen Copy number Price effective from Koha item type
          ბათუმის შოთა რუსთაველის სახელმწიფო უნივერსიტეტის მთავარი ბიბლიოთეკა ბათუმის შოთა რუსთაველის სახელმწიფო უნივერსიტეტის მთავარი ბიბლიოთეკა წიგნსაცავი 2018-12-17 28+141 Н-31 27248 2018-12-17 27248 2018-12-17 წიგნი